000 00297nam a22001337a 4500
008 171103b xxu||||| |||| 00| 0 eng d
020 _a0135579597
041 _aeng
080 _23 ED
_a339.138
100 _a60
101 _aMAR
245 _aMARKETING MANAGEMENT
_cKOTLER,P
942 _2udc
_cBK
999 _c37474
_d37474